| 000 | 01080nam a22002297a 4500 | ||
|---|---|---|---|
| 001 | 8037 | ||
| 003 | FISKH | ||
| 005 | 20250819120518.0 | ||
| 008 | 250819b cb ||||| |||| 00| 0 eng d | ||
| 020 | _a9780439598071 | ||
| 040 |
_aFISKH _beng _cFISKH _dFISKH |
||
| 082 | _a 959.704 | ||
| 100 | _aWeiss, Ellen | ||
| 245 |
_aMemories of Vietnam : _bwar in the first person / _cBy Ellen Weiss |
||
| 260 |
_aNew York : _bNew York , _c2003. |
||
| 300 |
_a63 pages : _billustrations ; _c20 cm. |
||
| 520 | _aThe war was half a world away. But it nearly tore the United States apart. Over half a million U.S. soldiers were sent to fight in Vietnam. Vietnam was undergoing a long civil war. The North was fighting the South. Did Americans belong there? Lots of people had answers. But before you decide, consider what the people who were there had to say. They experienced the war up close and personal. Through their letters and memories, you will, too.". | ||
| 650 |
_aVietnam _vNon-fiction |
||
| 700 |
_aWilliamson, Alex _eIllustrator |
||
| 942 |
_2ddc _cBK _n0 |
||
| 999 |
_c8037 _d8037 |
||